000 00416nam a2200157Ia 4500
003 GCL
008 140319s9999 xx 000 0 eng d
040 _aGCL /
_cGCL
082 0 4 _a782.3232
_bD B
100 1 _aDRABKIN, WILLIAM
245 1 0 _aBEETHOVEN: MISSA SOLEMNIS /
_cDRABKIN, WILLIAM
260 _a[S.N] :
_bCAMLRIDGE UNIVERSITY PRESS ،
_c1991
300 _a118
650 0 4 _aMISSA SOLEMNIS
942 _2ddc
_cBK
999 _c17337
_d17337